Statistiken für Größte Städte Brasiliens

Klicken Sie hier um das Quiz zu spielen!

Allgemein

  • Dieses Quiz wurde 12 mal gespielt
  • Das Durchschnittsergebnis liegt bei 8 aus 47

Antwortstatistiken

EinwohnerzahlStadt% Korrekt
2.988.440Brasília
100%
6.775.560Rio de Janeiro
100%
12.284.940São Paulo
100%
2.530.700Belo Horizonte
83%
1.661.020Recife
67%
2.244.470Manaus
50%
1.492.530Porto Alegre
50%
2.899.520Salvador
50%
1.963.730Curitiba
42%
1.493.530Belém
33%
2.703.390Fortaleza
25%
1.202.200Campinas
17%
903.710Campo Grande
17%
1.549.740Goiânia
17%
565.760Londrina
17%
896.710Natal
17%
611.980Cuiabá
8%
1.030.910Maceió
8%
816.380Nova Iguaçu
8%
500.540Porto Velho
8%
722.310São José dos Campos
8%
1.054.010São Luís
8%
821.190Teresina
8%
539.080Ananindeua
0%
601.230Aparecida de Goiânia
0%
672.610Aracaju
0%
515.240Belford Roxo
0%
504.290Caxias do Sul
0%
671.570Contagem
0%
926.290Duque de Caxias
0%
572.520Feira de Santana
0%
1.404.690Guarulhos
0%
695.850Jaboatão dos Guararapes
0%
822.680João Pessoa
0%
584.240Joinville
0%
570.970Juiz de Fora
0%
500.070Macapá
0%
516.980Niterói
0%
701.430Osasco
0%
718.070Ribeirão Preto
0%
723.890Santo André
0%
835.660São Bernardo do Campo
0%
1.097.560São Gonçalo
0%
533.070Serra
0%
688.250Sorocaba
0%
687.010Uberlândia
0%
506.190Vila Velha
0%

Verteilung der Resultate

Perzentil nach korrekt beantworteten Fragen

Anzahl Personen mit jedem Resultat

Ihre Resultats-Entwicklung

Sie haben dieses Quiz noch nicht gespielt